[Event "Championnat de France"]
[Site "Besançon"]
[Date "2006.08.14"]
[Round "1"]
[White "Wohlers-Armas, Friederike"]
[Black "Roumegous, Marina"]
[Result "1-0"]
[WhiteElo "2122"]
[BlackElo "2203"]
[PlyCount "71"]
[EventDate "2006.??.??"]

1. d4 e6 2. c4 d5 3. Nc3 c6 4. e4 dxe4 5. Nxe4 Bb4+ 6. Bd2 Qxd4 7. Bxb4 Qxe4+
8. Be2 Nd7 9. Nf3 c5 10. Bc3 f6 11. O-O Ne7 12. Bd3 Qc6 13. Qc2 Nf8 14. Be4 Qc7
15. b4 Nfg6 16. bxc5 f5 17. Bd3 e5 18. Be2 O-O 19. Rfe1 Nc6 20. Bf1 Bd7 21. Qd2
Rae8 22. Rad1 Re7 23. Qd6 Bc8 24. Qxc7 Rxc7 25. Nxe5 Ngxe5 26. Bxe5 Nxe5 27.
Rxe5 Rf6 28. Rd6 Kf7 29. f4 Rc6 30. Rxc6 Rxc6 31. Bd3 g6 32. Bc2 Ra6 33. Bb3
Ra5 34. Kf2 Be6 35. c6 Rxe5 36. cxb7 1-0

[Event "Championnat de France"]
[Site "Besançon"]
[Date "2006.08.14"]
[Round "1"]
[White "Esposito, Marie-Christine"]
[Black "Leconte, Maria"]
[Result "0-1"]
[WhiteElo "2130"]
[BlackElo "2304"]
[PlyCount "112"]
[EventDate "2006.??.??"]

1. d4 e6 2. Nf3 Nf6 3. Bg5 h6 4. Bh4 b6 5. e3 Bb7 6. Nbd2 d6 7. Bd3 Nbd7 8. c3
g5 9. Bg3 g4 10. Nh4 Rg8 11. h3 Nh5 12. hxg4 Nxg3 13. fxg3 Qg5 14. Qe2 Qxg4 15.
Qxg4 Rxg4 16. Kf2 Nf6 17. Be2 Rg8 18. Bf3 d5 19. c4 Ne4+ 20. Bxe4 dxe4 21. Rac1
O-O-O 22. Nb3 Bd6 23. Rh3 Rg5 24. c5 bxc5 25. dxc5 Be5 26. c6 Ba6 27. Nc5 Bd3
28. b4 Bb2 29. Nxd3 Rxd3 30. Rc4 f5 31. a4 Rg8 32. Rc2 Bc3 33. b5 Bd2 34. g4
Rxg4 35. Ke2 Bb4 36. Rb2 Bd6 37. Rb1 Bg3 38. Rbh1 Ra3 39. Nxf5 exf5 40. Rxh6
Ra2+ 41. Kd1 Ra1+ 42. Kc2 Rxh1 43. Rxh1 Rh4 44. Rf1 Rh5 45. Kc3 Kd8 46. Kc4 Ke7
47. Kd5 Kf6 48. a5 Rh8 49. Rb1 Rd8+ 50. Kc4 Rd6 51. Rh1 Rd3 52. Rh7 Rxe3 53. b6
axb6 54. axb6 cxb6 55. c7 Bxc7 56. Rxc7 Re2 0-1

[Event "Championnat de France"]
[Site "Besançon"]
[Date "2006.08.14"]
[Round "1"]
[White "Muller, Anne"]
[Black "Benmesbah, Natacha"]
[Result "1/2-1/2"]
[WhiteElo "2181"]
[BlackElo "2125"]
[PlyCount "53"]
[EventDate "2006.??.??"]

1. e4 c5 2. Nf3 d6 3. d4 cxd4 4. Nxd4 Nf6 5. Nc3 g6 6. Be3 Bg7 7. f3 O-O 8. Qd2
Nc6 9. O-O-O d5 10. exd5 Nxd5 11. Nxc6 bxc6 12. Bd4 Bxd4 13. Qxd4 Qc7 14. Bc4
Be6 15. Nxd5 cxd5 16. Bxd5 Rac8 17. Qa4 Bxd5 18. Rxd5 Rfd8 19. Rxd8+ Rxd8 20.
g3 Qc5 21. Qe4 Qf2 22. b3 Qg2 23. Re1 Qxh2 24. Qxe7 Rc8 25. Re2 Qxg3 26. Qxa7
Qxf3 27. Rf2 1/2-1/2

[Event "Championnat de France"]
[Site "Besançon"]
[Date "2006.08.14"]
[Round "1"]
[White "Flear, Christine"]
[Black "Vérot, Mélanie"]
[Result "1/2-1/2"]
[WhiteElo "2198"]
[BlackElo "2111"]
[PlyCount "57"]
[EventDate "2006.??.??"]

1. d4 Nf6 2. c4 c5 3. d5 e5 4. Nc3 d6 5. e4 Be7 6. g3 O-O 7. Bg2 Ne8 8. Nge2 g6
9. Bh6 Ng7 10. Qd2 Nd7 11. O-O f5 12. f4 Rf7 13. Rad1 a6 14. Nc1 exf4 15. gxf4
fxe4 16. Nxe4 Nf5 17. Bg5 Nf6 18. Rde1 Bd7 19. Ne2 b5 20. N2c3 bxc4 21. Nxf6+
Bxf6 22. Rf2 h6 23. Bxf6 Qxf6 24. Bf1 Qd4 25. Re4 Qxd2 26. Rxd2 Nd4 27. Rf2 Bf5
28. Re3 Bd3 29. Bxd3 1/2-1/2

[Event "Championnat de France"]
[Site "Besançon"]
[Date "2006.08.14"]
[Round "1"]
[White "Guichard, Pauline"]
[Black "Congiu, Mathilde"]
[Result "1-0"]
[WhiteElo "2227"]
[BlackElo "2115"]
[PlyCount "79"]
[EventDate "2006.??.??"]

1. d4 Nf6 2. c4 e6 3. Nf3 d5 4. Nc3 Bb4 5. Bg5 h6 6. Bxf6 Qxf6 7. e3 O-O 8. a3
Bxc3+ 9. bxc3 dxc4 10. Bxc4 Nd7 11. O-O e5 12. Ba2 e4 13. Nd2 Qe7 14. f3 Nf6
15. fxe4 Nxe4 16. Nxe4 Qxe4 17. Qf3 Qxf3 18. gxf3 Bh3 19. Rfb1 b6 20. e4 Rad8
21. Kf2 Rfe8 22. Rg1 c6 23. Rad1 b5 24. c4 bxc4 25. Bxc4 Be6 26. Bxe6 Rxe6 27.
Ke3 Rb8 28. Rb1 Rb6 29. Rxb6 axb6 30. a4 b5 31. axb5 cxb5 32. Rb1 Rb6 33. d5 b4
34. Rb3 Kf8 35. Kd4 Rf6 36. Kc5 Rf4 37. d6 Ke8 38. Kc6 Rh4 39. Rxb4 f5 40. Rb8+
1-0

[Event "Championnat de France"]
[Site "Besançon"]
[Date "2006.08.14"]
[Round "1"]
[White "Skripchenko, Almira"]
[Black "Choisy, Mathilde"]
[Result "1-0"]
[WhiteElo "2421"]
[BlackElo "2145"]
[PlyCount "49"]
[EventDate "2006.??.??"]

1. e4 c5 2. Nf3 d6 3. d4 cxd4 4. Nxd4 Nf6 5. Nc3 a6 6. Be2 e6 7. O-O Be7 8. Be3
O-O 9. f4 Qc7 10. Kh1 Nc6 11. Qe1 Nxd4 12. Bxd4 b5 13. a3 Bb7 14. Qg3 Bc6 15.
Rae1 Qb7 16. Bd3 b4 17. Nd1 bxa3 18. bxa3 Rfe8 19. Nf2 Rad8 20. Rb1 Qa8 21.
Bxf6 Bxf6 22. Ng4 Be7 23. f5 h5 24. Nh6+ Kf8 25. fxe6 1-0

[Event "Championnat de France"]
[Site "Besançon"]
[Date "2006.08.14"]
[Round "1"]
[White "Marzolo, Cyril"]
[Black "Mirallès, Gilles"]
[Result "1/2-1/2"]
[WhiteElo "2440"]
[BlackElo "2504"]
[PlyCount "39"]
[EventDate "2006.??.??"]

1. d4 Nf6 2. c4 e6 3. Nc3 Bb4 4. Nf3 O-O 5. Bg5 h6 6. Bh4 c5 7. Rc1 cxd4 8.
Nxd4 Nc6 9. e3 e5 10. Bxf6 Qxf6 11. Ndb5 d5 12. cxd5 Rd8 13. Qb3 Bxc3+ 14. Nxc3
Nd4 15. Qd1 Bf5 16. Bd3 Qg6 17. Bxf5 Nxf5 18. g3 e4 19. Qa4 Re8 20. Ne2 1/2-1/2

[Event "Championnat de France"]
[Site "Besançon"]
[Date "2006.08.14"]
[Round "1"]
[White "Guidarelli, Laurent"]
[Black "Mazé, Sébastien"]
[Result "1-0"]
[WhiteElo "2437"]
[BlackElo "2526"]
[PlyCount "86"]
[EventDate "2006.??.??"]

1. d4 Nf6 2. c4 e6 3. Nf3 d5 4. Nc3 dxc4 5. e3 a6 6. a4 b6 7. Bxc4 Bb7 8. O-O
Bb4 9. Qe2 Qe7 10. Bd3 c5 11. e4 cxd4 12. Nxd4 Nfd7 13. Nf3 Nc5 14. Bc2 Bxc3
15. bxc3 e5 16. a5 b5 17. Ba3 Nbd7 18. Rfd1 Rc8 19. c4 Bc6 20. cxb5 Bxb5 21.
Bd3 Bxd3 22. Rxd3 O-O 23. Rc3 Rc6 24. Rac1 Rfc8 25. Qe3 Qd6 26. g3 R6c7 27. Kg2
h5 28. h4 Rc6 29. Ne1 f5 30. Nd3 f4 31. Qe2 Nxd3 32. Qa2+ Kh7 33. Rxc6 f3+ 34.
Kh2 Rxc6 35. Bxd6 Rxc1 36. Qd2 Nf6 37. g4 Nxg4+ 38. Kg3 Rg1+ 39. Kxf3 Ndxf2 40.
Bxe5 Nh3 41. Bg3 Nhf2 42. Qd5 Nh1 43. Qxh5+ Nh6 1-0

[Event "Championnat de France"]
[Site "Besançon"]
[Date "2006.08.14"]
[Round "1"]
[White "Kosten, Anthony C"]
[Black "Relange, Eloi"]
[Result "1/2-1/2"]
[WhiteElo "2530"]
[BlackElo "2494"]
[PlyCount "79"]
[EventDate "2006.??.??"]

1. e4 c5 2. Nf3 d6 3. Bb5+ Bd7 4. Bxd7+ Qxd7 5. O-O Nf6 6. Re1 Nc6 7. c3 e6 8.
d4 cxd4 9. cxd4 d5 10. e5 Ne4 11. Nbd2 Nxd2 12. Bxd2 Bb4 13. Rc1 Bxd2 14. Qxd2
Rc8 15. Rc3 O-O 16. h4 Ne7 17. Ra3 a6 18. h5 h6 19. Nh4 Qc7 20. Rg3 Kh8 21. Rc3
Qb6 22. Rb3 Qa7 23. g4 Rc4 24. Rd3 Qb6 25. b3 Rcc8 26. Rf3 Qc7 27. g5 Qc2 28.
Qf4 Ng8 29. Kh2 hxg5 30. Qxg5 Nh6 31. Rg1 Rg8 32. Rf6 Kh7 33. Rf4 Kh8 34. Rg3
Rc3 35. Rg2 Kh7 36. Ng6 Qd3 37. Rg3 Qd2 38. Rg2 Qd3 39. Rg3 Qd2 40. Rg2 1/2-1/2

[Event "Championnat de France"]
[Site "Besançon"]
[Date "2006.08.14"]
[Round "1"]
[White "Renet, Olivier"]
[Black "Marcelin, Cyril"]
[Result "1/2-1/2"]
[WhiteElo "2507"]
[BlackElo "2481"]
[PlyCount "71"]
[EventDate "2006.??.??"]

1. e4 d5 2. exd5 Qxd5 3. Nc3 Qd6 4. d4 Nf6 5. Bc4 c6 6. h3 Be6 7. Bb3 Nbd7 8.
Nf3 Bxb3 9. axb3 e6 10. O-O Qc7 11. Qe2 Bd6 12. Ne4 Bf4 13. Nxf6+ Nxf6 14. Bxf4
Qxf4 15. b4 O-O 16. Qe5 Qe4 17. Qxe4 Nxe4 18. Rfe1 Nd6 19. Ne5 Rfd8 20. c3 a6
21. f3 Rac8 22. Kf2 Rc7 23. Re2 Re7 24. Rae1 g6 25. g4 Kg7 26. Kg3 Ra8 27. Ra1
Rc7 28. h4 Rh8 29. Nd3 Re7 30. Rh1 h6 31. h5 g5 32. Ne5 Ne8 33. Rf1 Nf6 34. f4
gxf4+ 35. Rxf4 Nd7 36. Nf3 1/2-1/2

[Event "Championnat de France"]
[Site "Besançon"]
[Date "2006.08.14"]
[Round "1"]
[White "Le Roux, Jean-Pierre"]
[Black "Apicella, Manuel"]
[Result "0-1"]
[WhiteElo "2496"]
[BlackElo "2520"]
[PlyCount "66"]
[EventDate "2006.??.??"]

1. c4 Nf6 2. Nf3 g6 3. Nc3 Bg7 4. d4 O-O 5. e4 d6 6. Be2 e5 7. O-O Na6 8. Re1
c6 9. Bf1 exd4 10. Nxd4 Ng4 11. h3 Qb6 12. hxg4 Qxd4 13. g5 Nc5 14. Bf4 Qxd1
15. Raxd1 Be5 16. g3 b6 17. Rxd6 Bxd6 18. Bxd6 Rd8 19. e5 Bf5 20. Bg2 Rac8 21.
b4 Nb7 22. c5 Nxd6 23. exd6 bxc5 24. bxc5 Kf8 25. g4 Bxg4 26. Re4 Bf5 27. Ra4
Re8 28. Rxa7 Ra8 29. Ra4 Rxa4 30. Nxa4 Re1+ 31. Kh2 Bd7 32. Kg3 Rc1 33. Bf3 Ke8
0-1

[Event "Championnat de France"]
[Site "Besançon"]
[Date "2006.08.14"]
[Round "1"]
[White "Prie, Eric"]
[Black "Gozzoli, Yannick"]
[Result "1-0"]
[WhiteElo "2507"]
[BlackElo "2470"]
[PlyCount "101"]
[EventDate "2006.??.??"]

1. d4 d5 2. Nf3 Nf6 3. a3 Bf5 4. c4 dxc4 5. e3 e6 6. Bxc4 Nbd7 7. O-O Be7 8. h3
O-O 9. Nh4 Nb6 10. Bb3 Be4 11. Nc3 c5 12. Nxe4 Nxe4 13. Nf3 cxd4 14. exd4 Bf6
15. Bf4 Nd5 16. Bh2 Qb6 17. Qd3 Nd6 18. Be5 Bxe5 19. dxe5 Nf4 20. Qe3 Nf5 21.
Qxb6 axb6 22. Rfd1 Rfd8 23. g3 Ne2+ 24. Kg2 Ned4 25. Bc4 Rac8 26. Bd3 Nxf3 27.
Kxf3 Nd4+ 28. Ke3 Nb3 29. Rab1 Rd5 30. Be4 Rxe5 31. f4 Rec5 32. Bxb7 Re8 33.
Rd3 Na5 34. Ba6 Rc2 35. Rc3 Rxc3+ 36. bxc3 Rb8 37. c4 Nc6 38. c5 Ne7 39. cxb6
Nd5+ 40. Kf3 Rxb6 41. Rxb6 Nxb6 42. Ke3 Kf8 43. Kd4 Ke7 44. Kc5 Nd7+ 45. Kc6
Nb8+ 46. Kb7 Nxa6 47. Kxa6 f5 48. Kb6 e5 49. fxe5 g5 50. Kc5 h5 51. Kd4 1-0

[Event "Championnat de France"]
[Site "Besançon"]
[Date "2006.08.15"]
[Round "2"]
[White "Congiu, Mathilde"]
[Black "Vérot, Mélanie"]
[Result "1/2-1/2"]
[WhiteElo "2115"]
[BlackElo "2111"]
[PlyCount "49"]
[EventDate "2006.??.??"]

1. e4 c5 2. c3 Nf6 3. e5 Nd5 4. Nf3 Nc6 5. d4 cxd4 6. cxd4 d6 7. Bc4 Nb6 8. Bb5
dxe5 9. Nxe5 Bd7 10. Nxd7 Qxd7 11. Nc3 Rd8 12. O-O e6 13. a4 Be7 14. a5 Nd5 15.
a6 O-O 16. axb7 Qxb7 17. Bxc6 Qxc6 18. Rxa7 Bf6 19. Qa4 Qxa4 20. Rxa4 Nb6 21.
Rb4 Bxd4 22. Ne2 Bc5 23. Rb5 Nd7 24. b4 Bd6 25. Bf4 1/2-1/2

[Event "Championnat de France"]
[Site "Besançon"]
[Date "2006.08.15"]
[Round "2"]
[White "Benmesbah, Natacha"]
[Black "Flear, Christine"]
[Result "1/2-1/2"]
[WhiteElo "2125"]
[BlackElo "2198"]
[PlyCount "38"]
[EventDate "2006.??.??"]

1. e4 c5 2. Nf3 e6 3. b3 b6 4. d4 cxd4 5. Nxd4 Bb7 6. Bd3 d6 7. O-O Nf6 8. Qe2
Be7 9. Nd2 O-O 10. Bb2 Nbd7 11. c4 Re8 12. Rad1 Bf8 13. Nb1 Nc5 14. Nc3 e5 15.
Nc2 a5 16. b4 axb4 17. Nxb4 Ra5 18. Bc2 Qa8 19. Rfe1 Rc8 1/2-1/2

[Event "Championnat de France"]
[Site "Besançon"]
[Date "2006.08.15"]
[Round "2"]
[White "Roumegous, Marina"]
[Black "Skripchenko, Almira"]
[Result "0-1"]
[WhiteElo "2203"]
[BlackElo "2421"]
[PlyCount "88"]
[EventDate "2006.??.??"]

1. d4 g6 2. Bg5 Bg7 3. e3 d6 4. Nf3 Nd7 5. c4 Ngf6 6. Nc3 h6 7. Bh4 g5 8. Bg3
Nh5 9. Be2 Nxg3 10. hxg3 e6 11. Qc2 Qe7 12. O-O-O a6 13. Kb1 Nf6 14. Bd3 Bd7
15. Qb3 Rb8 16. Rc1 Ng4 17. Qc2 b5 18. cxb5 axb5 19. Nd1 c6 20. Nd2 Ra8 21. Nb3
Qd8 22. Be4 Ra6 23. Qd2 Qb6 24. Bd3 Bf8 25. e4 e5 26. f3 exd4 27. fxg4 c5 28.
Be2 Bg7 29. Rf1 Be6 30. Nf2 c4 31. e5 Bxe5 32. Ne4 Ke7 33. Qb4 Ra4 34. Qd2 cxb3
35. a3 Qb7 36. Bf3 Qa7 37. Rfe1 f6 38. Rc6 Rc4 39. Rxc4 bxc4 40. Qf2 Qa5 41.
Rf1 c3 42. Nxf6 c2+ 43. Kc1 Bxf6 44. Bd5 Rf8 0-1

[Event "Championnat de France"]
[Site "Besançon"]
[Date "2006.08.15"]
[Round "2"]
[White "Guichard, Pauline"]
[Black "Wohlers-Armas, Friederike"]
[Result "1-0"]
[WhiteElo "2227"]
[BlackElo "2122"]
[PlyCount "67"]
[EventDate "2006.??.??"]

1. d4 g6 2. c4 Bg7 3. Nc3 c5 4. d5 Bxc3+ 5. bxc3 Qa5 6. Qc2 f5 7. g4 fxg4 8. e4
d6 9. h3 g3 10. f4 Nf6 11. Ne2 Nh5 12. Bg2 Nd7 13. O-O Nb6 14. Qd3 Qa4 15. Nxg3
Nxg3 16. Qxg3 Bd7 17. f5 gxf5 18. e5 Nxc4 19. exd6 exd6 20. Bg5 Kf7 21. Qh4 h5
22. Rf4 b5 23. Raf1 Rag8 24. Bf3 Kg6 25. Kh1 Qc2 26. Rg1 Ne5 27. Bd8+ Ng4 28.
Qg5+ Kf7 29. Qe7+ Kg6 30. Bxg4 hxg4 31. Qxd6+ Kh5 32. Qxd7 Rf8 33. Qe6 g3 34.
Rxg3 1-0

[Event "Championnat de France"]
[Site "Besançon"]
[Date "2006.08.15"]
[Round "2"]
[White "Leconte, Maria"]
[Black "Muller, Anne"]
[Result "1-0"]
[WhiteElo "2304"]
[BlackElo "2181"]
[PlyCount "67"]
[EventDate "2006.??.??"]

1. e4 c5 2. Nf3 d6 3. d4 cxd4 4. Nxd4 Nf6 5. Nc3 Nc6 6. g3 e6 7. Bg2 Be7 8. O-O
a6 9. Re1 Qc7 10. Nxc6 bxc6 11. e5 dxe5 12. Rxe5 O-O 13. Bf4 Qb7 14. Re2 Rd8
15. Qe1 Bd7 16. Na4 Be8 17. b3 Rac8 18. Be5 Qa7 19. Bc3 Rb8 20. Ba5 Rdc8 21.
Rd1 c5 22. Nb2 Bc6 23. Bxc6 Rxc6 24. Nc4 Rcc8 25. Ne5 Qb7 26. Red2 Bf8 27. c4
h5 28. f3 g6 29. Rd7 Nxd7 30. Rxd7 Qa8 31. Nxf7 Re8 32. Qb1 Bg7 33. Qxg6 Kf8
34. Ng5 1-0

[Event "Championnat de France"]
[Site "Besançon"]
[Date "2006.08.15"]
[Round "2"]
[White "Marcelin, Cyril"]
[Black "Marzolo, Cyril"]
[Result "1/2-1/2"]
[WhiteElo "2481"]
[BlackElo "2440"]
[PlyCount "54"]
[EventDate "2006.??.??"]

1. d4 Nf6 2. c4 g6 3. Nc3 d5 4. Bg5 Bg7 5. Bxf6 Bxf6 6. cxd5 c6 7. Rc1 cxd5 8.
Nxd5 Qxd5 9. Rxc8+ Kd7 10. Rc3 Rc8 11. e3 Qxa2 12. Qc1 Rxc3 13. bxc3 Nc6 14.
Bd3 Rc8 15. Ne2 e5 16. O-O Bg7 17. Rd1 Ke7 18. Rd2 Qd5 19. Qb1 b6 20. Be4 Qd6
21. Bxc6 Rxc6 22. Ra2 Rc7 23. Qb5 Qd7 24. Qb4+ Qd6 25. Qb5 Qd7 26. Qb4+ Qd6 27.
Qb5 e4 1/2-1/2

[Event "Championnat de France"]
[Site "Besançon"]
[Date "2006.08.15"]
[Round "2"]
[White "Relange, Éloi"]
[Black "Gozzoli, Yannick"]
[Result "1/2-1/2"]
[WhiteElo "2494"]
[BlackElo "2470"]
[PlyCount "31"]
[EventDate "2006.??.??"]

1. d4 Nf6 2. c4 e6 3. Nf3 c5 4. d5 exd5 5. cxd5 g6 6. Nc3 d6 7. h3 Bg7 8. e4
O-O 9. Bd3 b5 10. Nxb5 Re8 11. O-O Nxe4 12. Re1 Nf6 13. Rxe8+ Nxe8 14. Bg5 Bf6
15. Qe2 Nd7 16. Bxf6 1/2-1/2

[Event "Championnat de France"]
[Site "Besançon"]
[Date "2006.08.15"]
[Round "2"]
[White "Apicella, Manuel"]
[Black "Prie, Eric"]
[Result "1/2-1/2"]
[WhiteElo "2520"]
[BlackElo "2507"]
[PlyCount "108"]
[EventDate "2006.??.??"]

1. e4 c6 2. d4 d5 3. Nc3 a6 4. Nge2 dxe4 5. Nxe4 Nd7 6. N2g3 Ngf6 7. Be2 Qc7 8.
O-O e6 9. Bg5 Be7 10. Qd2 Nxe4 11. Nxe4 Bxg5 12. Qxg5 O-O 13. Rad1 h6 14. Qh4
b6 15. c4 a5 16. f4 f5 17. Nc3 Nf6 18. Rfe1 Ba6 19. b3 Rad8 20. Bf3 Rfe8 21.
Qf2 b5 22. c5 b4 23. Nb1 Qxf4 24. Bxc6 Qxf2+ 25. Kxf2 Re7 26. Bf3 Kf7 27. Nd2
Rxd4 28. Nc4 Rxc4 29. bxc4 Bxc4 30. Rd8 Rc7 31. c6 Bxa2 32. Rb8 Ke7 33. Ra1 Bd5
34. Rxa5 Rxc6 35. Ra7+ Kd6 36. Rxb4 Rc2+ 37. Ke3 Bxf3 38. Kxf3 g5 39. h3 h5 40.
Rb6+ Ke5 41. Raa6 g4+ 42. hxg4 hxg4+ 43. Ke3 Nd5+ 44. Kd3 Rxg2 45. Rxe6+ Kf4
46. Ra5 Nb4+ 47. Kc3 Nc2 48. Ree5 Ne3 49. Kd3 Rg3 50. Ke2 Rh3 51. Rab5 Rh2+ 52.
Kd3 Rh3 53. Ke2 Rh2+ 54. Kd3 Rh3 1/2-1/2

[Event "Championnat de France"]
[Site "Besançon"]
[Date "2006.08.15"]
[Round "2"]
[White "Miralles, Gilles"]
[Black "Le Roux, Jean-Pierre"]
[Result "1-0"]
[WhiteElo "2504"]
[BlackElo "2496"]
[PlyCount "105"]
[EventDate "2006.??.??"]

1. d4 Nf6 2. c4 e6 3. Nf3 b6 4. a3 Bb7 5. Nc3 g6 6. g3 Bg7 7. Bg2 O-O 8. O-O c5
9. Bf4 Ne4 10. Nxe4 Bxe4 11. Bd6 Re8 12. b4 Nc6 13. bxc5 bxc5 14. Bxc5 Rc8 15.
Rc1 d6 16. Bb4 Bxf3 17. Bxf3 Nxd4 18. Bb7 Rb8 19. Bg2 a5 20. Bd2 Qc7 21. Be3
Nb3 22. Rc2 Rec8 23. Bf4 Be5 24. Bxe5 dxe5 25. c5 Nxc5 26. Qc1 Qe7 27. Qe3 Na4
28. Qxe5 Qxa3 29. Rxc8+ Rxc8 30. Qxa5 Qb3 31. Bf3 Nb6 32. h4 Nc4 33. Qg5 Kg7
34. Rc1 h6 35. Qf4 e5 36. Qe4 Rc5 37. Qd3 Qb4 38. Qc2 Rc8 39. Qe4 Qb3 40. Qd5
Qb4 41. h5 g5 42. Bg4 Rc5 43. Qe4 Qb3 44. Qd3 Qb4 45. Qc2 Qa3 46. Be6 fxe6 47.
Qg6+ Kf8 48. Qf6+ Ke8 49. Rd1 Qa5 50. Qxe6+ Kf8 51. Qxh6+ Ke8 52. Qe6+ Kf8 53.
h6 1-0

[Event "Championnat de France"]
[Site "Besançon"]
[Date "2006.08.15"]
[Round "2"]
[White "Maze, Sebastien"]
[Black "Renet, Olivier"]
[Result "0-1"]
[WhiteElo "2526"]
[BlackElo "2507"]
[PlyCount "82"]
[EventDate "2006.??.??"]

1. e4 e5 2. Nf3 Nc6 3. Bb5 a6 4. Ba4 Nf6 5. Bxc6 dxc6 6. d3 Bd6 7. Nc3 Be6 8.
Bg5 h6 9. Bh4 c5 10. a3 Qe7 11. Qe2 g5 12. Bg3 Nd7 13. Nd2 O-O-O 14. Nc4 f6 15.
Ne3 Qf7 16. Nf5 Nb8 17. b4 Nc6 18. Nxd6+ Rxd6 19. bxc5 Nd4 20. Qd2 Rc6 21. Ne2
Nxe2 22. Qxe2 Rxc5 23. O-O Rc6 24. f3 Rd8 25. Bf2 Kd7 26. Rfc1 Ke8 27. c3 Bc8
28. d4 Qc4 29. Qe1 Qa4 30. Be3 Kf7 31. h4 Rg8 32. hxg5 hxg5 33. Qe2 Qc4 34. Kf2
g4 35. Qxc4+ Rxc4 36. f4 c6 37. Rab1 b5 38. Rb3 g3+ 39. Ke2 Bg4+ 40. Kf1 Ra4
41. Re1 Rh8 0-1

[Event "Championnat de France"]
[Site "Besançon"]
[Date "2006.08.15"]
[Round "2"]
[White "Kosten, Anthony C"]
[Black "Guidarelli, Laurent"]
[Result "1-0"]
[WhiteElo "2530"]
[BlackElo "2437"]
[PlyCount "95"]
[EventDate "2006.??.??"]

1. e4 c6 2. d4 d5 3. Nc3 dxe4 4. Nxe4 Nd7 5. Nf3 Ngf6 6. Ng3 e6 7. Bd3 Qc7 8.
O-O Be7 9. b3 O-O 10. Bb2 c5 11. c4 cxd4 12. Nxd4 Ne5 13. Nb5 Qb8 14. Bc2 a6
15. Re1 Ned7 16. Nd4 Re8 17. Ne4 Nf8 18. Ng5 h6 19. Ngf3 N6d7 20. h3 Bf6 21.
Nh2 g6 22. Ng4 Bg7 23. Qc1 Kh7 24. Nf3 Bxb2 25. Qxb2 Re7 26. Nf6+ Nxf6 27. Qxf6
Qc7 28. Ne5 Kg8 29. Rad1 Nh7 30. Qh4 Kg7 31. Qd4 Nf6 32. Re3 Re8 33. Rg3 Nh5
34. Nxg6+ e5 35. Nxe5+ Nxg3 36. Ng4+ Kf8 37. Qh8+ Ke7 38. Qf6+ Kf8 39. Qxh6+
Ke7 40. Re1+ Be6 41. Qg5+ Kf8 42. Nf6 Red8 43. fxg3 Rac8 44. Nh7+ Ke8 45. Bf5
Qc5+ 46. Kh2 Rd6 47. Nf6+ Kf8 48. Ne4 1-0

[Event "Championnat de France"]
[Site "Besançon"]
[Date "2006.08.16"]
[Round "3"]
[White "Vérot, Mélanie"]
[Black "Benmesbah, Natacha"]
[Result "0-1"]
[WhiteElo "2111"]
[BlackElo "2125"]
[PlyCount "120"]
[EventDate "2006.??.??"]

1. d4 Nf6 2. c4 c5 3. e3 g6 4. Nc3 Bg7 5. Nf3 O-O 6. Be2 cxd4 7. exd4 d5 8. h3
Nc6 9. O-O dxc4 10. Bxc4 b6 11. Be3 Bb7 12. Rc1 Nb4 13. Ne5 Nbd5 14. Qe2 Rc8
15. Rfd1 Qd6 16. Bg5 Nxc3 17. bxc3 Ne4 18. Bf4 b5 19. f3 Nxc3 20. Rxc3 bxc4 21.
Qc2 Bd5 22. Qa4 Rfd8 23. Rb1 Be6 24. Qxa7 Ra8 25. Qc5 Qxd4+ 26. Qxd4 Rxd4 27.
Bg3 Rd2 28. a3 Re2 29. Rb5 Rd8 30. Rc1 Bxe5 31. Bxe5 f6 32. Bc3 Kf7 33. Bb4 Rd7
34. Rc5 g5 35. Kf1 Ra2 36. Kg1 h5 37. Kh2 Bd5 38. Kg1 g4 39. hxg4 hxg4 40. Rd1
e6 41. Rf1 gxf3 42. gxf3 Ra7 43. Rf2 R7xa3 44. Bxa3 Rxa3 45. Kg2 Kg6 46. Kg3
Kf5 47. Rc8 Ke5 48. Kg4 Kd4 49. f4 f5+ 50. Kg5 Rf3 51. Rd2+ Ke3 52. Rxd5 exd5
53. Kxf5 Rxf4+ 54. Ke5 Rd4 55. Rh8 Rd3 56. Rh3+ Kd2 57. Rh2+ Kc1 58. Rh1+ Kc2
59. Rh2+ Rd2 60. Rh3 c3 0-1

[Event "Championnat de France"]
[Site "Besançon"]
[Date "2006.08.16"]
[Round "3"]
[White "Wohlers-Armas, Friederike"]
[Black "Congiu, Mathilde"]
[Result "1-0"]
[WhiteElo "2122"]
[BlackElo "2115"]
[PlyCount "53"]
[EventDate "2006.??.??"]

1. d4 Nf6 2. c4 e6 3. Nc3 Bb4 4. a3 Bxc3+ 5. bxc3 b6 6. f3 d6 7. e4 O-O 8. Bd3
e5 9. Ne2 Nc6 10. O-O h6 11. f4 Qe7 12. fxe5 dxe5 13. a4 Na5 14. Ba3 c5 15. Ng3
Ng4 16. Qf3 exd4 17. cxd4 Nb3 18. e5 Qh4 19. h3 Nd2 20. Qf4 Nxf1 21. Rxf1 g5
22. Qe4 f5 23. exf6 Nxf6 24. Qg6+ Kh8 25. Ne4 Nh7 26. d5 Rxf1+ 27. Bxf1 1-0